|
|
|
|
| LEADER |
00958nam a2200253 a 4500 |
| 001 |
4651218 |
| 008 |
091116s1978 enk b 000 0 eng d |
| 010 |
|
|
|a 79302252
|
| 020 |
|
|
|a 0851242189
|
| 020 |
|
|
|a 0851242170 :
|c £5.00
|
| 020 |
|
|
|a 0851242180 (pbk.)
|
| 040 |
|
|
|a DLC
|c DLC
|d DLC
|
| 082 |
0 |
0 |
|a 331.1/37941
|2 18
|
| 245 |
0 |
0 |
|a Full employment /
|c edited by Michael Barratt Brown ... [et al.].
|
| 260 |
|
|
|a Nottingham :
|b Spokesman Books,
|c 1978.
|
| 300 |
|
|
|a [7], 144 p. ;
|c 22 cm.
|
| 504 |
|
|
|a Bibliography: p. 143-144.
|
| 541 |
1 |
|
|e 00001173
|
| 650 |
|
0 |
|a Labor supply
|z Great Britain.
|
| 650 |
|
0 |
|a Full employment policies
|z Great Britain.
|
| 700 |
2 |
|
|a Barratt Brown, Michael.
|
| 852 |
4 |
|
|a Ayesha Abed Library
|j General Shelf.
|
| 999 |
|
|
|c 5569
|d 5569
|
| 952 |
|
|
|0 0
|1 0
|2 ddc
|4 0
|6 331_137941000000000_FUL
|7 0
|9 5464
|a BRACUL
|b BRACUL
|c GEN
|d 2009-11-17
|g 0.00
|l 0
|o 331.137941 FUL
|p 3010001173
|r 2009-11-17
|t 1
|w 2009-11-17
|y BK
|x No price found in the accession register.
|